TCF 250 activités : Test de conaissance du Francais
Cet ouvrage s'adresse à un public non francophone souhaitant se présenter au Test de Connaissance du Francais - TCF - qui est déjà proposé dans plus de 50 pays dans le monde. Il peut aussi bien être uitilisé comme matériel pour la classe que comme complément pour s'entrainer, seul...
Kaydedildi:
| Yazar: | |
|---|---|
| Materyal Türü: | Kitap |
| Dil: | Undetermined |
| Baskı/Yayın Bilgisi: |
Paris
CLE international
2003
|
| Konular: | |
| Etiketler: |
Etiketle
Etiket eklenmemiş, İlk siz ekleyin!
|
| Thư viện lưu trữ: | Trung tâm Học liệu Trường Đại học Cần Thơ |
|---|
| LEADER | 00978nam a2200229Ia 4500 | ||
|---|---|---|---|
| 001 | CTU_134006 | ||
| 008 | 210402s9999 xx 000 0 und d | ||
| 020 | |c 236000 | ||
| 082 | |a 448.24 | ||
| 082 | |b B596 | ||
| 100 | |a Billaud, Sandrine | ||
| 245 | 0 | |a TCF 250 activités : | |
| 245 | 0 | |b Test de conaissance du Francais | |
| 245 | 0 | |c Sandrine Billaud, Hélène Relat | |
| 260 | |a Paris | ||
| 260 | |b CLE international | ||
| 260 | |c 2003 | ||
| 520 | |a Cet ouvrage s'adresse à un public non francophone souhaitant se présenter au Test de Connaissance du Francais - TCF - qui est déjà proposé dans plus de 50 pays dans le monde. Il peut aussi bien être uitilisé comme matériel pour la classe que comme complément pour s'entrainer, seul, à la passation du TCF. | ||
| 650 | |a French language,Ngôn ngữ Pháp | ||
| 650 | |x Study and teaching,Học và giảng dạy | ||
| 904 | |i Giang | ||
| 980 | |a Trung tâm Học liệu Trường Đại học Cần Thơ | ||